Catálogo - Centro de Recursos para el Aprendizaje y la Investigación

Volver al Sitio - CRAI Biblioteca

Upside Down / (Registro nro. 113377)

Detalles MARC
000 -CABECERA
campo de control de longitud fija 01363nam a2200313 4500
001 - NÚMERO DE CONTROL
campo de control 113377
003 - IDENTIFICADOR DEL NÚMERO DE CONTROL
campo de control DR-UNIBE
005 - FECHA Y HORA DE LA ÚLTIMA TRANSACCIÓN
campo de control 20250326140314.0
008 - DATOS DE LONGITUD FIJA--INFORMACIÓN GENERAL
campo de control de longitud fija 250325b2025 ii ||||| |||| 00| 1 eng d
020 ## - NÚMERO INTERNACIONAL ESTÁNDAR DEL LIBRO
Número Internacional Estándar del Libro 9789367197240
040 ## - FUENTE DE LA CATALOGACIÓN
Centro catalogador/agencia de origen BIBLIOTECA UNIBE
Lengua de catalogación spa
Centro/agencia transcriptor BIBLIOTECA UNIBE
Normas de descripción rda
041 ## - CÓDIGO DE LENGUA
Código de lengua del texto/banda sonora o título independiente eng
090 ## - LOCALMENTE ASIGNADO TIPO-LC NÚMERO DE CLASIFICACIÓN (OCLC); NÚMERO DE CLASIFICACIÓN LOCAL (RLIN)
Número de clasificación (OCLC) (R) ; Numero de clasificación, CALL (RLIN) (NR) FBIU-NBT CI A629u
100 10 - ENTRADA PRINCIPAL--NOMBRE DE PERSONA
Nombre de persona Antigua, Kianny N.,
Fechas asociadas al nombre 1979-
9 (RLIN) 39277
Término indicativo de función/relación autor
245 10 - MENCIÓN DE TÍTULO
Título Upside Down /
Mención de responsabilidad, etc. Kianny N. Antigua ; traducción de español a inglés: Keiselim A. Montas; traducción de inglés a hindi: Vijaya Venkataraman ; ilustraciones: José Amado Polanco
246 ## - FORMA VARIANTE DE TÍTULO
Título propio/Titulo breve Al revés
250 ## - MENCIÓN DE EDICIÓN
Mención de edición Primera edición
260 ## - PUBLICACIÓN, DISTRIBUCIÓN, ETC.
Lugar de publicación, distribución, etc. New Delhi :
Nombre del editor, distribuidor, etc. National Book Truts,
Fecha de publicación, distribución, etc. 2025
300 ## - DESCRIPCIÓN FÍSICA
Extensión 27 páginas :
Otras características físicas ilustraciones a color ;
Dimensiones 19 x 13 cm
500 ## - NOTA GENERAL
Nota general Texto en inglés e hindi. Comentario de la obra, datos del autor y traductores en la contraportada. Al final del cuento se enumeran los deberes fundamentales de la India del artículo 51A.
505 ## - NOTA DE CONTENIDO CON FORMATO
Nota de contenido con formato Para niños de 8 a 10 años
653 #7 - TÉRMINO DE INDIZACIÓN--NO CONTROLADO
Término no controlado Cuentos infantiles dominicanos
653 #7 - TÉRMINO DE INDIZACIÓN--NO CONTROLADO
Término no controlado Imaginación - Cuentos infantiles dominicanos
653 #7 - TÉRMINO DE INDIZACIÓN--NO CONTROLADO
Término no controlado Literatura infantil dominicana
700 ## - PUNTO DE ACCESO ADICIONAL--NOMBRE DE PERSONA
Nombre de persona Montás, Keiselim A.
9 (RLIN) 151226
Término indicativo de función/relación traductor
700 ## - PUNTO DE ACCESO ADICIONAL--NOMBRE DE PERSONA
Nombre de persona Venkataraman, Vijaya
9 (RLIN) 193474
Término indicativo de función/relación traductor
700 ## - PUNTO DE ACCESO ADICIONAL--NOMBRE DE PERSONA
Nombre de persona Polanco, José Amado
9 (RLIN) 53388
Término indicativo de función/relación ilustrador
942 ## - ELEMENTOS DE PUNTO DE ACCESO ADICIONAL (KOHA)
Fuente del sistema de clasificación o colocación Sistema de Clasificación Decimal Dewey
Tipo de ítem Koha Libro (general)
Existencias
Estado de retiro Estado de pérdida Fuente del sistema de clasificación o colocación No para préstamo Código de colección Localización permanente Fecha de adquisición Total de préstamos Signatura topográfica completa Código de barras Fecha visto por última vez Número de copia Precio válido a partir de Tipo de ítem Koha
  Disponible Sistema de Clasificación Decimal Dewey No se presta Fondo Bibliográfico IBBY-UNIBE Biblioteca Central UNIBE 26/03/2025   FBIU-NBT CI A629u FBIU0866 25/03/2025 Ej.1 25/03/2025 Libro (reserva)